Państwa o największej gęstości zaludnienia z wyjątkami - Statystyki

Ogólne statystyki
  • Ten quiz został rozwiązany 5 razy
  • Średni wynik to 16 z 20
Statystyki odpowiedzi
Gęstość km² Państwo % Poprawnych
1 188 147 570 Bangladesz
100%
389 300 000 Filipiny
100%
462 3 166 391 Indie
100%
236 357 114 Niemcy
100%
256 923 768 Nigeria
100%
289 881 912 Pakistan
100%
354 65 610 Sri Lanka
100%
289 242 495 Wielka Brytania
100%
196 301 336 Włochy
100%
385 30 528 Belgia
75%
442 41 850 Holandia
75%
326 377 930 Japonia
75%
516 100 210 Korea Południowa
75%
639 36 193 Tajwan
75%
212 241,550 Uganda
75%
306 331 212 Wietnam
75%
220 120 538 Korea Północna
50%
201 147 181 Nepal
50%
217 41 284 Szwajcaria
50%
236 48 671 Dominikana
25%
Nie znaleziono quizów pasujących do podanych kryteriów
Rozkład punktacji
Procent ludzi z każdym wynikiem
Percentyl według liczby udzielonych odpowiedzi
Twoja historia wyników
Nie rozwiązałeś tego quizu